20 años de la encuesta sobre migración en la frontera norte de México / (Record no. 176154)

MARC details
000 -CABECERA
campo de control de longitud fija 00710nam a2200217 a 4500
005 - FECHA Y HORA DE LA ÚLTIMA TRANSACCIÓN
campo de control 20221124063626.0
008 - ELEMENTOS DE LONGITUD FIJA--INFORMACIÓN GENERAL
campo de control de longitud fija 150603s2014 mx r 000 0 spa d
020 ## - NÚMERO INTERNACIONAL NORMALIZADO PARA LIBROS
Número Internacional Estándar del Libro 9786074272529
035 ## - NÚMERO DE CONTROL DEL SISTEMA
Número de control de sistema UPN01000204053
049 ## - COLECCIÓN
Colección CG
050 #4 - SIGNATURA TOPOGRÁFICA DE LA BIBLIOTECA DEL CONGRESO
Número de clasificación HD5856 M6
Número de documento/Ítem V4.4
245 00 - MENCIÓN DE TÍTULO
Título 20 años de la encuesta sobre migración en la frontera norte de México /
Mención de responsabilidad, etc. coord. Alma Rosa Nava Pérez.
260 ## - PUBLICACIÓN, DISTRIBUCIÓN, ETC.
Lugar de publicación, distribución, etc. México :
Nombre del editor, distribuidor, etc. CONAPO,
Fecha de publicación, distribución, etc. 2014.
300 ## - DESCRIPCIÓN FÍSICA
Extensión 238 p. :
Otras características físicas gráfs., cuadros, mapas
650 #4 - ASIENTO SECUNDARIO DE MATERIA - TERMINO TEMATICO
Término de materia o nombre geográfico como elemento de entrada Migración interna
Subdivisión geográfica México
9 (RLIN) 5825
651 #4 - ASIENTO SECUNDARIO DE MATERIA - NOMBRE GEOGRAFICO
Nombre geográfico México
Subdivisión general Emigración e inmigración
9 (RLIN) 7931
650 #4 - ASIENTO SECUNDARIO DE MATERIA - TERMINO TEMATICO
Término de materia o nombre geográfico como elemento de entrada TRABAJO MIGRATORIO
9 (RLIN) 2264
700 1# - ASIENTO SECUNDARIO--NOMBRE DE PERSONAL
Nombre de persona Nava Pérez, Alma Rosa,
Término indicativo de función/relación coord.
905 ## - TIPO DE MATERIAL
Tipo de material Libro
Holdings
Estado de retiro Estado de pérdida Fuente del sistema de clasificación o colocación Estado dañado No para préstamo Código de colección Localización permanente Ubicación/localización actual Ubicación en estantería Fecha de adquisición Total de préstamos Renovaciones totales Clasificación Código de barras Fecha visto por última vez Fecha del último préstamo Número de copia Tipo de ítem Koha
    Library of Congress Classification     Colección General Bib. Gregorio Torres Quintero Bib. Gregorio Torres Quintero Planta baja 06/11/2023 1 1 HD5856 M6 V4.4 327289 28/11/2023 06/11/2023 1 Libro
    Library of Congress Classification     Colección General Bib. Gregorio Torres Quintero Bib. Gregorio Torres Quintero Planta baja 09/10/2023 1   HD5856 M6 V4.4 304660 24/10/2023 09/10/2023 1 Libro